Проблеми міжкультуної комунікації та шляхи їх вирішення (Запис № 284607)

МАРК-запис
000 -LEADER
fixed length control field 01979nam a22001577a 4500
041 ## - LANGUAGE CODE
Language code of text/sound track or separate title ukr
080 ## - UNIVERSAL DECIMAL CLASSIFICATION NUMBER
Universal Decimal Classification number 09
090 ## - LOCALLY ASSIGNED LC-TYPE CALL NUMBER (OCLC); LOCAL CALL NUMBER (OCLC)
Local cutter number (OCLC) ; Book number/undivided call number, CALL (RLIN) КОТ
100 ## - MAIN ENTRY--PERSONAL NAME
Personal name Котяй Ю. М.
245 ## - TITLE STATEMENT
Title Проблеми міжкультуної комунікації та шляхи їх вирішення
260 ## - PUBLICATION, DISTRIBUTION, ETC. (IMPRINT)
Place of publication, distribution, etc Острог
Name of publisher, distributor, etc КАФ
Date of publication, distribution, etc 2009
300 ## - PHYSICAL DESCRIPTION
Extent 87
520 ## - SUMMARY, ETC.
Summary, etc Розділ 1. Теоретичні основи міжкультурної комунікації.<br/>1.1. Міжкультурна комунікація як процес взаємодії культур.<br/>1.2. Міжкультурна комунікація як процес взаємодії культур.<br/>Розділ 2. Лінгвістичні та соціокультурні проблеми на шляху формування комунікативної компетенції.<br/>2.1. Компетентність та компетенція в міжкультурній комунікації.<br/>2.2. Комунікативна норма і лінгвістичні проблеми міжкультурної комунікації.<br/>2.3. Соціокультурні лакуни: типологія, причини виникнення і способи заповнення.<br/>2.4. Трудноші спілкування канадців та українців учасників обмінної програми Canada World Youth.<br/>Розділ 3. Культурне самовизначення в умовах багатокультурності.<br/>3.1. Актуалізація особистих характеристик комунікантів в контексті діалогу культур.<br/>3.2 Процес культурного самовизначення особистості.<br/>3.3. Модель формування особистості субєкту діалогу культур.
-- міжкультурна комунікація
650 ## - SUBJECT ADDED ENTRY--TOPICAL TERM
Topical term or geographic name as entry element Research Papers
942 ## - ADDED ENTRY ELEMENTS (KOHA)
Koha item type Книги
Фонди
Withdrawn status Lost status Source of classification or shelving scheme Damaged status Not for loan Home library Current library Date acquired Source of acquisition Cost, normal purchase price Total Checkouts Full call number Barcode Date last seen Price effective from Koha item type
    Universal Decimal Classification     ВІЛ - Відділ іноземн. літератури НБ ВІЛ - Відділ іноземн. літератури НБ 17/09/2012 Акт №4 1.00   09 214622 20/12/2021 17/09/2012 Книги